000 01334nam2a22002411 4500
001 rc\380883
005 20250621064515.0
035 _a(NLR Aleph) 005633300
090 _a6594726
_c6594726
100 _a20030307d1989 |||y0rusy50 ca
101 0 _arus
102 _aRU
105 _aa |||||||||
200 0 _aВып. 1
210 _d1989
_aБ. м.
215 _a147 с.
_cил.
320 _aБиблиогр.: с. 146
461 0 _1001rc\380882
_12001#$aУчебное пособие по курсу "Теория и практика решения изобретательских задач"$f[В.С. Сенкевич, к. э. н.]$gПод ред. С.Г. Перевозчикова$gЦентр. ин-т повышения квалификации руководящих работников и специалистов, Центр. науч.-техн. творчества молодежи "Пульсар"$vВып. 1
_1700#1$aСенкевич$bВ.С.
_96594719
_aСенкевич, В.С.
_cОбнинск
_d1989
_f[В.С. Сенкевич, к. э. н.]
_n[б.и.]
_tУчебное пособие по курсу "Теория и практика решения изобретательских задач"
_vВып. 1
801 0 _aRU
_bNLR
_gpsbo
801 1 _aRU
_bELAR
_2rusmarc
852 _aNLR
_j89-3/13540
942 _cBOOK
980 _aNB